| 000 | 00447nam a22001337a 4500 | ||
|---|---|---|---|
| 005 | 20180803152555.0 | ||
| 020 |
_a8188583448 _c800.00 |
||
| 035 | _aB-217844, B-217839, B-217851 | ||
| 037 |
_aDPL _bENG |
||
| 245 |
_aEconomics Reference manual for UGC examinations : _b[NET, SLET, JRF and other UPSC competitive tests] / |
||
| 260 |
_aNew Delhi _bReference Press _c2004 |
||
| 300 |
_aix, 437p. _c20 cms. |
||
| 942 |
_2ddc _cEN _h330 _mREF |
||
| 999 |
_c66035 _d66035 |
||